000 00393 a2200133 4500
005 20250612074756.0
020 _a978-1-61433-640-2
082 _a370.15 CRU
100 _aCRUSH, B.
245 _aIntroduction to Educational Psychology: Clep Test Study Guide
260 _aJordan,
_bBreely Crush Publishing LLC,
_c2023.
300 _aiii, 113p.: Ill.; figures.
_c25cm.
942 _2ddc
_cBKS
999 _c3813
_d3813